| 000 | 02448nam a2200289 a 4500 | ||
|---|---|---|---|
| 008 | 110907s2002 ||||||||||||||||| || u | ||
| 020 | _a0763700606 | ||
| 050 | _aRA 651 Tim | ||
| 100 | _aTimmreck, Thomas C | ||
| 245 | 1 | 3 |
_aAn introduction to epidemiology. (3rd ed.) _cby Thomas C. Timmreck |
| 250 | _a3rd ed. | ||
| 260 |
_aBoston: _bJones and Bartlett Publishers _c2002 |
||
| 300 | _axix, 505p.: ill. | ||
| 350 | _a0.00 | ||
| 650 | 0 | _aEPIDEMICS | |
| 650 | _aEPIDEMIOLOGY | ||
| 995 |
_aMICHAEL CHILUFYA SATA OPEN ACCESS _D0.00 _e900450 _FCBU-SCHOOL OF MEDICINE LIBRARY (Ndola) _H1 _I0.00 _jRA 651 Tim _M4 _UAVAILABLE _WNov 29, 2011 _y900450 _ZMedical Library Open Access Collection |
||
| 995 |
_aMEDICAL LIBRARY OPEN ACCESS _D0.00 _e900455 _FCBU-SCHOOL OF MEDICINE LIBRARY (Ndola) _H1 _I0.00 _jRA 651 Tim _M9 _UOUT _WNov 29, 2011 _y900455 _ZMedical Library Open Access Collection |
||
| 995 |
_aMEDICAL LIBRARY OPEN ACCESS _D0.00 _e900456 _FCBU-SCHOOL OF MEDICINE LIBRARY (Ndola) _H1 _I0.00 _jRA 651 Tim _M10 _UAVAILABLE _WNov 29, 2011 _y900456 _ZMedical Library Open Access Collection |
||
| 995 |
_aMEDICAL LIBRARY OPEN ACCESS _D0.00 _e900452 _FCBU-SCHOOL OF MEDICINE LIBRARY (Ndola) _H1 _I0.00 _jRA 651 Tim _M6 _UAVAILABLE _WNov 29, 2011 _y900452 _ZMedical Library Open Access Collection |
||
| 995 |
_aMEDICAL LIBRARY OPEN ACCESS _D0.00 _e900453 _FCBU-SCHOOL OF MEDICINE LIBRARY (Ndola) _H1 _I0.00 _jRA 651 Tim _M7 _UAVAILABLE _WNov 29, 2011 _y900453 _ZMedical Library Open Access Collection |
||
| 995 |
_aMICHAEL CHILUFYA SATA OPEN ACCESS _D0.00 _e900451 _FCBU-SCHOOL OF MEDICINE LIBRARY (Ndola) _H1 _I0.00 _jRA 651 Tim _M5 _UAVAILABLE _WNov 29, 2011 _y900451 _ZMedical Library Open Access Collection |
||
| 995 |
_aMEDICAL LIBRARY OPEN ACCESS _D0.00 _e900449 _FCBU-SCHOOL OF MEDICINE LIBRARY (Ndola) _H1 _I0.00 _jRA 651 Tim _M3 _UAVAILABLE _WNov 29, 2011 _y900449 _ZMedical Library Open Access Collection |
||
| 995 |
_aMICHAEL CHILUFYA SATA OPEN ACCESS _D0.00 _e900454 _FCBU-SCHOOL OF MEDICINE LIBRARY (Ndola) _H1 _I0.00 _jRA 651 Tim _M8 _UAVAILABLE _WNov 29, 2011 _y900454 _ZMedical Library Open Access Collection |
||
| 995 |
_aMICHAEL CHILUFYA SATA OPEN ACCESS _D0.00 _e900448 _FCBU-SCHOOL OF MEDICINE LIBRARY (Ndola) _H1 _I0.00 _jRA 651 Tim _M2 _UAVAILABLE _WNov 29, 2011 _y900448 _ZMedical Library Open Access Collection |
||
| 995 |
_aMICHAEL CHILUFYA SATA OPEN ACCESS _D0.00 _e900447 _FCBU-SCHOOL OF MEDICINE LIBRARY (Ndola) _H1 _I0.00 _jRA 651 Tim _M1 _UAVAILABLE _WNov 29, 2011 _y900447 _ZMedical Library Open Access Collection |
||
| 999 |
_c64133 _d64133 |
||